000 00874nam a2200265Ia 4500
008 130821s2005 ck a gr spa
020 _a9586483991
040 _aCo-BoUCM
_bspa
041 0 0 _aspa
100 1 _aFierro Martínez, Ángel María
245 1 0 _aIntroducción a la contabilidad
_cÁngel María Fierro Martínez
250 _a2a. ed.
260 _aBogotá (Colombia)
_bEcoe Ediciones
_c2005
300 _aviii, 249 páginas
_bcuadros tablas
_e1 CD-ROM
500 _aCD-ROM incluye normas, tareas y varios.
504 _aIncluye bibliografía general.
650 0 4 _aActivo-pasivo
_98446
650 0 4 _aComercio
_911192
650 0 4 _aContabilidad
_97449
650 0 4 _aContabilidad
_vNormas
_97449
650 0 4 _aEstados financieros
_915032
650 0 4 _aPatrimonio
_921181
942 _cLIBRO
_a16
_e2
_mF465i
_2DEWEY
_h657
999 _c59721
_d59721